Central Library OPAC University of Rajshahi

বাংলা ব্যাকরণের রুপরেখা / (Record no. 74116)

MARC details
000 -LEADER
fixed length control field 00932nam a2200241 a 4500
001 - CONTROL NUMBER
control field 74116
003 - CONTROL NUMBER IDENTIFIER
rucl marc code BD-RjUL
005 - DATE AND TIME OF LATEST TRANSACTION
control field 20211209082509.0
008 - FIXED-LENGTH DATA ELEMENTS--GENERAL INFORMATION
fixed length control field 180301s2016 bg d|||| b||| 00| 0 ben d
020 ## - INTERNATIONAL STANDARD BOOK NUMBER
International Standard Book Number 9789849176497
Terms of availability Tk. 450.00
035 ## - SYSTEM CONTROL NUMBER
System control number (BD-RjUL)74334
040 ## - CATALOGING SOURCE
Original cataloging agency BD-RjUL
Language of cataloging eng
Transcribing agency BD-RjUL
041 ## - LANGUAGE CODE
Language code of text/sound track or separate title ben
082 ## - DEWEY DECIMAL CLASSIFICATION NUMBER
Edition number 23
Classification number 491.445
Author mark and year VOB 2016
100 1# - MAIN ENTRY--PERSONAL NAME
Personal name ভট্টাচার্য, শিশির
9 (RLIN) 220326
245 10 - TITLE STATEMENT
Title বাংলা ব্যাকরণের রুপরেখা /
Statement of responsibility, etc. শিশির ভট্টাচার্য,
260 ## - PUBLICATION, DISTRIBUTION, ETC. (IMPRINT)
Place of publication, distribution, etc. ঢাকা :
Name of publisher, distributor, etc. প্রথমা প্রকাশন ,
Date of publication, distribution, etc. ২০১৬
300 ## - PHYSICAL DESCRIPTION
Pagination ২৫৫ পৃ. :
Illustrations ছবি ;
Size ২২ সেমি.
504 ## - BIBLIOGRAPHY, ETC. NOTE
Bibliography, etc গ্রন্থপঞ্জি সম্বলিত
650 ## - SUBJECT ADDED ENTRY--TOPICAL TERM
Topical term or geographic name as entry element বাংলা ভাষা
Form subdivision ব্যাকরণ
9 (RLIN) 220327
Topical term or geographic name as entry element Bengali Language
Form subdivision Grammar
9 (RLIN) 220328
942 ## - ADDED ENTRY ELEMENTS (KOHA)
Source of classification or shelving scheme Dewey Decimal Classification
Koha item type Books
Holdings
Lost status Source of classification or shelving scheme Damaged status Not for loan Collection code Permanent Location Current Location Shelving location Date acquired Source of acquisition Cost, normal purchase price Total Checkouts Full call number Date last seen Copy number Koha item type Date checked out
  Dewey Decimal Classification   Not For Loan Non-fiction Central Library, University of Rajshahi Central Library, University of Rajshahi Reading Room 11/03/2011 Rajshahi Viddyasagor 450.00   B 491.445 VOB 2016 01/03/2018 C-1 Books  
  Dewey Decimal Classification     Non-fiction Central Library, University of Rajshahi Central Library, University of Rajshahi   11/03/2011 Rajshahi Viddyasagor 450.00 1 B 491.445 VOB 2016 07/02/2019 C-2 Books 31/01/2019
  Dewey Decimal Classification     Non-fiction Central Library, University of Rajshahi Central Library, University of Rajshahi   11/03/2011 Rajshahi Viddyasagor 450.00 1 B 491.445 VOB 2016 12/09/2022 C-3 Books 25/08/2022